[Event "AUT-ch U16/18 Girls"]
[Site "St Veit"]
[Date "2023.04.03"]
[Round "3"]
[White "Wurm, Emily"]
[Black "Huber, Elisa"]
[Result "1/2-1/2"]
[WhiteElo "1122"]
[BlackElo "1208"]
[PlyCount "104"]
[EventDate "2023.04.02"]
[EventType "swiss"]
[EventRounds "7"]
[EventCountry "AUT"]
[SourceTitle "EXT 2024"]
[Source "ChessBase"]
[SourceDate "2023.10.10"]
[SourceVersion "1"]
[SourceVersionDate "2023.10.10"]
[SourceQuality "1"]

1. e4 e5 2. Nf3 Nf6 3. d4 exd4 4. e5 Ne4 5. Qxd4 d5 6. Be3 Be7 7. c4 c6 8. cxd5 cxd5 9. Nc3 Nxc3 10. Qxc3 0-0 11. Bd3 Nc6 12. 0-0 Bg4 13. Bf4 Bxf3 14. gxf3 Bg5 15. Bg3 Bh4 16. Rfe1 Re8 17. Qc2 h6 18. f4 Bxg3 19. hxg3 Rc8 20. Bf5 Nd4 21. Qxc8 Qxc8 22. Bxc8 Nf3+ 23. Kg2 Nxe1+ 24. Rxe1 Rxc8 25. Re2 Kf8 26. Rd2 Rd8 27. Kf3 Ke7 28. f5 g6 29. g4 h5 30. a4 d4 31. gxh5 gxh5 32. Kg3 f6 33. f4 Rd5 34. Kf3 h4 35. Kg4 fxe5 36. Kxh4 exf4 37. Kg4 Kf6 38. Kxf4 Rxf5+ 39. Ke4 Ke6 40. Rxd4 Re5+ 41. Kd3 Rd5 42. Kc4 Rxd4+ 43. Kxd4 Kd6 44. Kc4 Kc6 45. b4 a6 46. b5+ Kb6 47. Kb4 a5+ 48. Kc4 Kc7 49. Kc5 b6+ 50. Kd5 Kd7 51. Ke5 Ke7 52. Kd5 Kd7 1/2-1/2

[Event "Styrian op U14/18 28th"]
[Site "Mureck"]
[Date "2022.08.05"]
[Round "3"]
[White "Schwarz, Rene"]
[Black "Wurm, Emily"]
[Result "1-0"]
[WhiteElo "1373"]
[BlackElo "990"]
[PlyCount "59"]
[EventDate "2022.08.03"]
[EventType "swiss"]
[EventRounds "9"]
[EventCountry "AUT"]
[SourceTitle "EXT 2023"]
[Source "ChessBase"]
[SourceDate "2022.10.05"]
[SourceVersion "1"]
[SourceVersionDate "2022.10.05"]
[SourceQuality "1"]

1. d4 d5 2. Nf3 Nc6 3. e3 Nf6 4. c4 e6 5. Nc3 Bd6 6. b3 b6 7. Be2 0-0 8. cxd5 exd5 9. 0-0 Bf5 10. Bb2 Ne4 11. Nxd5 Bxh2+ 12. Nxh2 Qxd5 13. Bd3 Nb4 14. Bc4 Qd7 15. a3 Nc6 16. b4 a6 17. Bd3 Ne7 18. Nf3 Rfd8 19. Nh4 Nd6 20. Nxf5 Ndxf5 21. Qg4 c5 22. bxc5 bxc5 23. Bxf5 Nxf5 24. dxc5 g6 25. Rfd1 Qb5 26. Rxd8+ Rxd8 27. Qg5 Rd2 28. Bc3 Rd3 29. Qf6 Qc4 30. Qh8# 1-0

[Event "EU Union-ch U14 18th"]
[Site "Mureck"]
[Date "2021.08.05"]
[Round "2"]
[White "Wurm, Emily"]
[Black "Lorenz, Yola Felizitas"]
[Result "0-1"]
[WhiteElo "1009"]
[BlackElo "1207"]
[PlyCount "76"]
[EventDate "2021.08.04"]
[EventType "swiss"]
[EventRounds "9"]
[EventCountry "AUT"]
[SourceTitle "EXT 2022"]
[Source "ChessBase"]
[SourceDate "2021.10.06"]
[SourceVersion "1"]
[SourceVersionDate "2021.10.06"]
[SourceQuality "1"]

1. e4 c5 2. Nf3 d6 3. Nc3 Nf6 4. Bc4 e6 5. d3 Nbd7 6. Bg5 Be7 7. Qd2 h6 8. Bh4 a6 9. a3 b5 10. Ba2 Bb7 11. h3 0-0 12. b4 d5 13. bxc5 dxe4 14. dxe4 Nxe4 15. Qd4 Nxc3 16. Bxe7 Qxe7 17. Qxc3 Nxc5 18. 0-0 Ne4 19. Qe3 Rac8 20. Bb1 Rc3 21. Qc1 Qc5 22. a4 Ng3 23. Re1 Bxf3 24. gxf3 Rxf3 25. Re3 Qg5 26. Kg2 Ne2+ 27. Kxf3 Nxc1 28. axb5 Qxb5 29. c3 Nb3 30. Bd3 Qh5+ 31. Kf4 Nxa1 32. Bxa6 Qf5+ 33. Kg3 Rd8 34. Rf3 Qg5+ 35. Kh2 Rd2 36. c4 Nc2 37. Rg3 Rxf2+ 38. Rg2 Qxg2# 0-1

[Event "EU Union-ch U10 16th"]
[Site "Mureck"]
[Date "2018.08.03"]
[Round "3"]
[White "Wurm, Emily"]
[Black "Antenreiter, Lena"]
[Result "1-0"]
[WhiteElo "894"]
[BlackElo "1030"]
[PlyCount "121"]
[EventDate "2018.08.01"]
[EventType "swiss"]
[EventRounds "9"]
[EventCountry "AUT"]
[SourceTitle "CBM 186 Extra"]
[Source "ChessBase"]
[SourceDate "2018.08.24"]
[SourceVersion "1"]
[SourceVersionDate "2018.08.24"]
[SourceQuality "1"]

1. e4 e5 2. Nf3 Nc6 3. Bc4 Bc5 4. d3 d6 5. 0-0 Bg4 6. Nc3 Nf6 7. h3 Bh5 8. Bg5 Nd4 9. a3 h6 10. Be3 Nxf3+ 11. gxf3 Bxe3 12. fxe3 Qd7 13. d4 0-0-0 14. Qe1 exd4 15. exd4 Qxh3 16. Rd1 Bxf3 17. Rd2 Qh1+ 18. Kf2 Qg2+ 19. Ke3 Qg4 20. Rg1 Nd5+ 21. Bxd5 Qh5 22. Rxg7 Qh1 23. Qxh1 Bxh1 24. Nb5 Kb8 25. Rxf7 c6 26. Be6 cxb5 27. Bd5 Rhf8 28. Rxb7+ Kc8 29. Rxa7 Rf3+ 30. Ke2 Rd7 31. Be6 Kb8 32. Rxd7 Rf4 33. Bd5 Bxe4 34. Bxe4 Rxe4+ 35. Kf3 Re6 36. Rg2 Rf6+ 37. Ke4 Kc8 38. Rh7 Re6+ 39. Kd5 Re8 40. b3 Rd8 41. a4 Rd7 42. Rxh6 bxa4 43. bxa4 Kb7 44. Rxd6 Rxd6+ 45. Kxd6 Kb6 46. Rg5 Ka6 47. Rc5 Kb6 48. a5+ Ka6 49. Kc6 Ka7 50. d5 Kb8 51. d6 Kc8 52. d7+ Kd8 53. Rh5 Ke7 54. Kc7 Kf6 55. d8Q+ Kg6 56. Rh1 Kf5 57. Qe8 Kf6 58. Rf1+ Kg7 59. Qe2 Kg6 60. Qg2+ Kh5 61. Rh1# 1-0

[Event "AUT-ch U10 Girls"]
[Site "St Kanzian"]
[Date "2018.06.01"]
[Round "3.1"]
[White "Giselbrecht, Leefke"]
[Black "Wurm, Emily"]
[Result "1-0"]
[WhiteElo "1085"]
[BlackElo "800"]
[PlyCount "81"]
[EventDate "2018.06.01"]
[EventType "swiss"]
[EventRounds "7"]
[EventCountry "AUT"]
[SourceTitle "EXT 2024"]
[Source "ChessBase"]
[SourceDate "2023.10.10"]
[SourceVersion "1"]
[SourceVersionDate "2023.10.10"]
[SourceQuality "1"]

1. e4 e5 2. Nf3 d5 3. Nxe5 Qe7 4. d4 dxe4 5. Nc3 Bf5 6. Bf4 Qb4 7. Nc4 Be6 8. a3 Qe7 9. Qe2 Bf5 10. g3 Nc6 11. Bg2 Nxd4 12. Nd5 Nxe2 13. Nxe7 Bxe7 14. Kxe2 Bg4+ 15. f3 Be6 16. Ne5 exf3+ 17. Bxf3 f6 18. Nd3 0-0-0 19. b4 g5 20. Be3 Bb3 21. cxb3 f5 22. Bxa7 Re8 23. Kf2 b6 24. Rad1 Bd6 25. Rd2 g4 26. Bc6 Rf8 27. Re1 f4 28. Kg1 Nf6 29. Ne5 Be7 30. Bd7+ Kb7 31. Nc6 Bd6 32. Ne5 Kxa7 33. Bc6 fxg3 34. hxg3 h5 35. Ng6 Rhg8 36. Nxf8 Rxf8 37. Re6 Bxg3 38. Rxf6 Rxf6 39. b5 h4 40. Rd8 h3 41. Ra8# 1-0